Les pays avec le plus d'aéroports - Statistiques

Statistiques générales
  • Ce quiz a été pris 170 fois
  • Le résultat moyen est 13 sur 17
Statistiques - réponses
Nombre d'aéroports Pays % Correct
16 116 États Unis
99%
1 218 France
99%
552 Chine
98%
905 Russie
95%
840 Allemagne
94%
5 297 Brésil
94%
1 459 Canada
94%
655 Italie
90%
1 580 Mexique
89%
1 057 Royaume Uni
89%
764 Argentine
85%
2 257 Australie
85%
556 Indonesie
67%
573 Afrique du Sud
64%
661 Colombie
57%
509 Venezuela
32%
569 Papouasie-Nouvelle-Guinée
4%
Aucun quiz correspondant
Distribution des résultats
% des personnes avec chaque résultat
Percentile par nombre de réponses
Votre historique - résultats
Vous n’avez pas pris ce quiz